000 01061cam a22002775i 4500
999 _c12719
_d12719
003 EG-ScBUE
005 20210209111149.0
008 090827s2005 ua g 000 d ara d
017 _a2005 / 19581
040 _aEG-ScBUE
_bara
_erda
_cEG-ScBUE
_dEG-ScBUE
082 0 4 _a‪892.726
_bد ي ا
_222
100 1 _aدياب، محمود،
_d1932-1983،
_eمؤلف.
245 1 2 _aالمعجزة ومسرحيات أخرى /
_cتأليف محمود دياب ؛ تحقيق محمد عبد الله حسين.
250 _aالطبعة الأولى.
264 1 _aالقاهرة :
_bالهيئة العامة لقصور الثقافة،
_c2005.
300 _a343 صفحة ؛
_c20 سم.
336 _aنص
_btxt
_2rdacontent
337 _aبدون وسيط
_bn
_2rdamedia
338 _aمجلد
_bnc
_2rdacarrier
490 0 _aنصوص مسرحية ؛
_v57
650 7 _aالمسرحيات العربية
_yقرن 20.
_2BUEsh
651 _2BUEsh
653 _bARALIT
_bGGEN
_cFebruary2021
700 1 _aحسين، محمد عبد الله،
_eمحقق.
942 _2ddc
_cBB